[Event "Tournoi Skype 029B"]
[Site "Skype"]
[Date "????.??.??"]
[Round "5.1"]
[White "Barrera Mendoza, Carlos"]
[Black "Munoz Gonzalez, Martin"]
[Result "0-1"]
[WhiteElo "1000"]
[BlackElo "1400"]
[PlyCount "76"]

1. e4 e6 2. d4 d5 3. exd5 exd5 4. Bd3 Nc6 5. Nf3 Bg4 6. c3 Nf6 7. Nbd2 Bd6 8.
O-O O-O 9. Re1 Re8 10. Rxe8+ Qxe8 11. Nf1 Qe7 12. Ne3 Bd7 13. h3 Re8 14. Qc2 g6
15. b4 Qf8 16. a4 Ne7 17. Ne5 Be6 18. f3 Qg7 19. g4 Rc8 20. a5 Ne8 21. g5 Bxe5
22. dxe5 Qxe5 23. Ng4 Bxg4 24. hxg4 Qg3+ 25. Qg2 Qe1+ 26. Qf1 Qxc3 27. Ba3 Nc6
28. b5 Nxa5 29. Be7 Qd4+ 30. Kh1 Nb3 31. Rd1 Qf4 32. Qf2 Nd4 33. Kg2 c6 34. Rh1
Qc7 35. Bc5 Nxb5 36. Re1 b6 37. Re7 Qf4 38. Be3 Qb8 0-1

[Event "Tournoi Skype 029B"]
[Site "Skype"]
[Date "????.??.??"]
[Round "5.2"]
[White "Escudero Ocana, Francisco"]
[Black "Lovisi, Francesco"]
[Result "1-0"]
[WhiteElo "1395"]
[BlackElo "1000"]
[PlyCount "67"]

1. e4 e6 2. d4 d5 3. e5 c5 4. c3 Nc6 5. Nf3 Bd7 6. Bb5 cxd4 7. Bxc6 bxc6 8.
cxd4 c5 9. Be3 Ne7 10. Nc3 Nf5 11. Rc1 Nxe3 12. fxe3 cxd4 13. exd4 Be7 14. O-O
O-O 15. Qd2 f6 16. Nd1 Qb6 17. Ne3 Bb4 18. Qd1 Bb5 19. Rf2 fxe5 20. Nxe5 Rxf2
21. Kxf2 Rf8+ 22. Kg1 Bd6 23. Qd2 Bxe5 24. dxe5 d4 25. Ng4 d3+ 26. Kh1 Qd4 27.
h3 h5 28. Nh2 Rf2 29. Nf3 Qxb2 30. Rc8+ Kh7 31. Qg5 Qb1+ 32. Kh2 Rxg2+ 33. Kxg2
Qxa2+ 34. Kg3 1-0

[Event "Tournoi Skype 029B"]
[Site "Skype"]
[Date "????.??.??"]
[Round "5.3"]
[White "Fernandez Arrizabala, Raul"]
[Black "Guillaume, Mickael"]
[Result "1-0"]
[WhiteElo "1000"]
[BlackElo "1106"]
[PlyCount "45"]

1. e4 e5 2. Nf3 Nc6 3. Bb5 Nf6 4. O-O Bc5 5. Bxc6 dxc6 6. Nxe5 O-O 7. d3 Re8 8.
Nf3 Bg4 9. Bg5 h6 10. Bh4 g5 11. Bg3 Bd6 12. Bxd6 cxd6 13. Nbd2 b5 14. Re1 Nh5
15. h3 Bd7 16. Nd4 c5 17. Nxb5 Bxb5 18. Qxh5 Qf6 19. a4 Ba6 20. h4 Re6 21. Nf3
Qxb2 22. hxg5 hxg5 23. Nxg5 1-0

[Event "Tournoi Skype 029B"]
[Site "Skype"]
[Date "????.??.??"]
[Round "5.4"]
[White "Vaquero, Roberto"]
[Black "Harmelle, Dominique"]
[Result "0-1"]
[WhiteElo "1123"]
[BlackElo "1402"]
[PlyCount "112"]

1. d4 d5 2. Bf4 c5 3. e3 Nc6 4. c3 Bf5 5. Bd3 Bxd3 6. Qxd3 Nf6 7. Nf3 c4 8. Qc2
e6 9. Ne5 Bd6 10. Nxc6 bxc6 11. Bxd6 Qxd6 12. Nd2 O-O 13. Nf3 Ne4 14. O-O h6
15. Ne5 c5 16. f3 Nf6 17. h3 cxd4 18. exd4 Nh5 19. Qf2 Nf4 20. Qh4 Ng6 21. Nxg6
fxg6 22. Rf2 Rf4 23. Qg3 g5 24. Re2 Raf8 25. Re5 R4f5 26. Rae1 R8f6 27. R1e3
Rg6 28. Qe1 Rff6 29. g4 Kf7 30. Kg2 a5 31. Qd1 Qc6 32. a3 Qb5 33. Qc2 a4 34.
Kg3 Qb3 35. Qxb3 cxb3 36. c4 dxc4 37. Rc3 Rf4 38. Rxc4 Rgf6 39. Re3 e5 40. Rc7+
Ke6 41. dxe5 Rf8 42. Ra7 Rc4 43. Ra6+ Kd5 44. Rd6+ Kc5 45. Red3 Rc2 46. e6 Re8
47. Ra6 Rxb2 48. Rd7 Rb1 49. Kf2 b2 50. Rc7+ Kd5 51. Rd7+ Kc4 52. Rxa4+ Kb3 53.
Re4 Rf1+ 54. Ke2 Ka2 55. Rd2 Rc1 56. Rxb2+ Kxb2 0-1

[Event "Tournoi Skype 029B"]
[Site "Skype"]
[Date "????.??.??"]
[Round "5.5"]
[White "Lago Carballo, Maria Del Carmen"]
[Black "Graham, Neil"]
[Result "1/2-1/2"]
[WhiteElo "1328"]
[BlackElo "1000"]
[PlyCount "122"]

1. e4 c6 2. d4 d5 3. e5 Bf5 4. c3 e6 5. Nf3 c5 6. Bd3 Bxd3 7. Qxd3 Nc6 8. O-O
cxd4 9. cxd4 Nge7 10. Bg5 Qb6 11. Bxe7 Bxe7 12. Qe2 O-O 13. Rd1 Rac8 14. Nc3 f6
15. exf6 Rxf6 16. a3 Bd6 17. b4 Rcf8 18. Nb5 Ne7 19. Rf1 a6 20. Nxd6 Qxd6 21.
Ne5 Rf4 22. Qd2 Nc6 23. Nxc6 Qxc6 24. Rae1 R8f6 25. Re3 Rh4 26. Rfe1 Kf7 27. g3
Rh5 28. f4 Rhf5 29. Re5 Rxe5 30. dxe5 Rh6 31. Qf2 Qc8 32. Rf1 Ke7 33. Qb6 Rg6
34. Qd6+ Ke8 35. Qc5 Qxc5+ 36. bxc5 h5 37. Rb1 Kd7 38. Rxb7+ Kc6 39. Rb6+ Kxc5
40. Rxa6 Kb5 41. Ra8 Rh6 42. a4+ Kb4 43. a5 Kb5 44. Kg2 g6 45. Re8 g5 46. fxg5
Rg6 47. h4 Kxa5 48. Kf3 Kb4 49. Ke3 Kc3 50. Rf8 Rg7 51. Rc8+ Kb3 52. Kd4 Ra7
53. g6 Ra4+ 54. Ke3 Rg4 55. Rb8+ Kc3 56. Rc8+ Kb3 57. Rh8 Rxg6 58. Rxh5 Rxg3+
59. Kd4 Kb4 60. Rg5 Rh3 61. Rg4 Kb5 1/2-1/2

[Event "Tournoi Skype 029B"]
[Site "Skype"]
[Date "????.??.??"]
[Round "5.6"]
[White "Felippe E Silva, Glenda"]
[Black "Battaglia, Gabriele"]
[Result "1-0"]
[WhiteElo "1207"]
[BlackElo "1271"]
[PlyCount "31"]

1. d4 Nf6 2. Bf4 g6 3. e3 Bg7 4. Nd2 d6 5. Be2 O-O 6. c3 Nbd7 7. h3 Re8 8. Ngf3
a6 9. O-O Nf8 10. Bh2 Ne6 11. a3 Bd7 12. Rc1 Rc8 13. c4 c5 14. Qb3 Qa5 15. d5
Qxd2 16. Nxd2 1-0

[Event "Tournoi Skype 029B"]
[Site "Skype"]
[Date "????.??.??"]
[Round "5.8"]
[White "Loaisiga Perez, Carlos Alberto"]
[Black "Linares Vernet, Ana"]
[Result "1-0"]
[WhiteElo "1374"]
[BlackElo "1171"]
[PlyCount "63"]

1. e4 d6 2. d4 e6 3. Nf3 Nd7 4. Bc4 g6 5. O-O Bg7 6. Ng5 Nb6 7. Bb3 f6 8. Nxe6
Bxe6 9. Bxe6 Qe7 10. d5 c6 11. Nc3 a6 12. Be3 Nc4 13. Bd4 Qc7 14. b3 Na3 15.
dxc6 bxc6 16. Na4 Nb5 17. Bb6 Qe7 18. Bc4 Qd7 19. Bxb5 axb5 20. Nc3 Ne7 21. a4
Nc8 22. Be3 O-O 23. Nxb5 cxb5 24. Qd5+ Kh8 25. Qxa8 f5 26. exf5 Bxa1 27. Rxa1
Qxf5 28. Re1 Qxc2 29. axb5 Qc3 30. Rc1 Qxb3 31. Qa1+ Kg8 32. Bh6 1-0

[Event "Tournoi Skype 029B"]
[Site "Skype"]
[Date "????.??.??"]
[Round "5.9"]
[White "Lopes, Marcia Maria"]
[Black "Conde, Abigail"]
[Result "0-1"]
[WhiteElo "1363"]
[BlackElo "1112"]
[PlyCount "82"]

1. d4 d5 2. Bf4 Nc6 3. Nf3 Nf6 4. e3 Bg4 5. Nbd2 e6 6. h3 Bh5 7. Bd3 Bd6 8. Bg5
e5 9. dxe5 Nxe5 10. O-O Bg6 11. Nxe5 Bxe5 12. Nf3 Qd6 13. c3 c6 14. Re1 O-O-O
15. b4 Bxc3 16. Bxg6 Bxa1 17. Qxa1 hxg6 18. Qc3 Rde8 19. Bf4 Qe6 20. b5 Rh5 21.
Nd4 Qd7 22. bxc6 bxc6 23. Nxc6 Ne4 24. Nxa7+ Kd8 25. Qa5+ Ke7 26. Qb4+ Kf6 27.
Qb6+ Re6 28. Qb2+ d4 29. Nb5 Rxb5 30. Qe2 g5 31. Bh2 Kg6 32. Qg4 f5 33. Qe2 d3
34. Qd1 Nc3 35. Qf3 d2 36. Rf1 Qd3 37. Bf4 Rb1 38. Rxb1 Qxb1+ 39. Kh2 d1=Q 40.
Qa8 Qh1+ 41. Kg3 Ne4+ 0-1

[Event "Tournoi Skype 029B"]
[Site "Skype"]
[Date "????.??.??"]
[Round "5.10"]
[White "De Coninck, Philippe"]
[Black "Cengiz, Ali Ekber"]
[Result "1-0"]
[WhiteElo "1173"]
[BlackElo "1299"]
[PlyCount "83"]

1. e4 e5 2. f4 d6 3. Nf3 Nc6 4. Bc4 Nf6 5. O-O Bg4 6. d3 Nd4 7. Nbd2 c6 8. c3
Ne6 9. Bxe6 fxe6 10. fxe5 dxe5 11. Nb3 Be7 12. Be3 O-O 13. Qc2 Qc7 14. d4 exd4
15. Nbxd4 Bc5 16. Rae1 Rae8 17. h3 Bh5 18. Ng5 Bxd4 19. Bxd4 Qe7 20. Bxa7 Ra8
21. Bd4 e5 22. Qb3+ Nd5 23. exd5 Rxf1+ 24. Kxf1 Qxg5 25. dxc6+ Kh8 26. Qxb7
Rf8+ 27. Bf2 Qd8 28. Rxe5 Rf7 29. Qb5 Bg6 30. c7 Rxc7 31. Qd5 Rd7 32. Qf3 Rf7
33. Qe3 Qd1+ 34. Qe1 Bd3+ 35. Kg1 Qxe1+ 36. Rxe1 h5 37. a4 Rb7 38. b4 Rc7 39.
Rc1 Kg8 40. b5 Ra7 41. Ra1 Bxb5 42. Bxa7 1-0

[Event "Tournoi Skype 029B"]
[Site "Skype"]
[Date "????.??.??"]
[Round "5.11"]
[White "Bucherie, Volcy"]
[Black "Reese, Evan"]
[Result "1/2-1/2"]
[WhiteElo "1274"]
[BlackElo "1102"]
[PlyCount "97"]

1. Nf3 Nc6 2. g3 e5 3. Bg2 Bc5 4. O-O d5 5. a3 Nf6 6. b4 Bd4 7. c3 Bb6 8. e3
O-O 9. d4 exd4 10. cxd4 Bf5 11. Nc3 Re8 12. Bb2 Ne7 13. Rc1 a6 14. b5 Ng6 15.
Na4 axb5 16. Nxb6 cxb6 17. Qe2 Qd7 18. Rfd1 Ne4 19. Ne5 Nxe5 20. dxe5 Nc5 21.
Bxd5 Be6 22. Bxb7 Qxb7 23. Qxb5 Bd5 24. Rxd5 Qxd5 25. Qxb6 Nd3 26. Rc3 Rab8 27.
Rxd3 Qxd3 28. Qd4 Qxd4 29. Bxd4 Rec8 30. Kg2 f5 31. exf6 gxf6 32. Bxf6 Kf7 33.
Be5 Ke6 34. Bxb8 Rxb8 35. Kf3 Ke5 36. a4 h5 37. h4 Rb4 38. a5 Ra4 39. a6 Rxa6
40. g4 Rf6+ 41. Kg3 hxg4 42. Kxg4 Rxf2 43. h5 Ke4 44. h6 Rg2+ 45. Kh5 Kf5 46.
e4+ Kxe4 47. h7 Rh2+ 48. Kg6 Rxh7 49. Kxh7 1/2-1/2

[Event "Tournoi Skype 029B"]
[Site "Skype"]
[Date "????.??.??"]
[Round "5.12"]
[White "Vervoort, Jean-Louis"]
[Black "Jimenez Del Rosario, Alsis Raynely"]
[Result "1-0"]
[WhiteElo "1273"]
[BlackElo "1082"]
[PlyCount "47"]

1. d4 Nf6 2. Bf4 g6 3. Nc3 Bg7 4. e4 d6 5. d5 e5 6. Be3 Bg4 7. Be2 Bxe2 8. Qxe2
c6 9. O-O-O cxd5 10. exd5 O-O 11. Bg5 Nbd7 12. Qb5 Qc7 13. Bxf6 a6 14. Qd3 Bxf6
15. Nf3 Rfe8 16. Rhe1 e4 17. Nxe4 Ne5 18. Nxf6+ Kg7 19. Nxe5 Rxe5 20. Ng4 Rxe1
21. Rxe1 Rc8 22. Qd4+ Kf8 23. Re2 b5 24. Qh8# 1-0

[Event "Tournoi Skype 029B"]
[Site "Skype"]
[Date "????.??.??"]
[Round "5.13"]
[White "Abate, Luigi"]
[Black "Abdulrazzaq, Mohsen"]
[Result "0-1"]
[WhiteElo "1169"]
[BlackElo "1249"]
[PlyCount "52"]

1. e4 c5 2. Nf3 Nc6 3. Bb5 a6 4. Bxc6 bxc6 5. d4 cxd4 6. Nxd4 Nf6 7. e5 Qa5+ 8.
Bd2 Qxe5+ 9. Be3 c5 10. Nb3 Qxb2 11. Bxc5 Qxa1 12. Nxa1 Bb7 13. O-O Rc8 14. Nb3
Bd5 15. N1d2 g6 16. Re1 d6 17. Bd4 Bg7 18. Qe2 O-O 19. Qxa6 Rxc2 20. Bc5 dxc5
21. a3 Bh6 22. Qd3 Ra2 23. a4 Bxd2 24. Nxd2 Rxa4 25. Qc3 c4 26. Qxf6 exf6 0-1

[Event "Tournoi Skype 029B"]
[Site "Skype"]
[Date "????.??.??"]
[Round "5.14"]
[White "Sosa, Juan Carlos"]
[Black "Fernandez Zaldivar, Antonio"]
[Result "0-1"]
[WhiteElo "1121"]
[BlackElo "1246"]
[PlyCount "118"]

1. d4 Nf6 2. Nc3 e6 3. e4 Bb4 4. Bd3 d6 5. Nge2 b6 6. a3 Bxc3+ 7. bxc3 Bb7 8.
Ng3 O-O 9. e5 dxe5 10. dxe5 Nfd7 11. Qe2 Bxg2 12. Rg1 Bb7 13. Ne4 Kh8 14. Ng5
g6 15. h4 Nc6 16. f4 Ne7 17. h5 Nf5 18. hxg6 fxg6 19. Be4 Bxe4 20. Qxe4 Nc5 21.
Qh1 Qe7 22. a4 Rad8 23. Ba3 Qd7 24. Rg2 Rg8 25. a5 Rg7 26. axb6 cxb6 27. Rh2
Ng3 28. Rxh7+ Rxh7 29. Qxh7+ Qxh7 30. Nxh7 Kxh7 31. Kf2 Nge4+ 32. Ke3 Rd7 33.
Bxc5 Nxc5 34. Kf3 a5 35. Kg4 a4 36. Kg5 Ne4+ 37. Kg4 Nxc3 38. Ra3 Rc7 39. Kg5
Kg7 40. Ra1 b5 41. Rh1 Ne4+ 42. Kg4 Rxc2 43. f5 gxf5+ 44. Kf4 a3 45. Rg1+ Kf7
46. Rb1 Rb2 47. Rc1 a2 48. Rc7+ Ke8 49. Rc8+ Kd7 50. Ra8 Nd2 51. Ra7+ Kc8 52.
Kg5 Nb3 53. Kf6 a1=Q 54. Re7 Rh2 55. Kxe6 Nd4+ 56. Kd5 Rh8 57. e6 Rd8+ 58. Kc5
Qa3+ 59. Kb6 Rd6# 0-1

[Event "Tournoi Skype 029B"]
[Site "Skype"]
[Date "????.??.??"]
[Round "5.15"]
[White "Sanchez Padilla, Armando Edilber"]
[Black "Bland, Marilyn"]
[Result "1-0"]
[WhiteElo "1240"]
[BlackElo "1065"]
[PlyCount "115"]

1. e4 e5 2. Nf3 Nf6 3. Nc3 Nc6 4. Bc4 h6 5. d3 d6 6. Be3 Be7 7. Qd2 Ng4 8. h3
Nxe3 9. Qxe3 Nb4 10. Bb3 Bd7 11. Ne2 Bf6 12. Nh2 Qe7 13. Ng3 Bg5 14. Qf3 Qf6
15. Nh5 Qxf3 16. Nxf3 Bf6 17. O-O O-O 18. a3 Nc6 19. c3 a5 20. Rad1 a4 21. Bc4
Na5 22. Ba2 Ra6 23. d4 exd4 24. cxd4 Bc6 25. Nxf6+ gxf6 26. d5 Bb5 27. Rfe1 Re8
28. Nh4 Nc4 29. Bxc4 Bxc4 30. Re3 Rb6 31. Rd2 c6 32. Nf5 cxd5 33. Nxh6+ Kh7 34.
Nf5 Kg6 35. Rg3+ Kh7 36. Rg7+ Kh8 37. Rxf7 dxe4 38. Nxd6 Bxf7 39. Nxf7+ Kg7 40.
Rd7 Rbe6 41. Nd6+ Kg6 42. Nxe8 Rxe8 43. Rxb7 e3 44. fxe3 Rxe3 45. Rb4 Rb3 46.
Rxb3 axb3 47. a4 Kf5 48. a5 Ke4 49. a6 Kd3 50. a7 Kc2 51. a8=Q Kxb2 52. h4 Kc2
53. Qc6+ Kb2 54. Kf1 Ka2 55. Ke2 b2 56. Qa4+ Kb1 57. Kd3 Kc1 58. Qa3 1-0

[Event "Tournoi Skype 029B"]
[Site "Skype"]
[Date "????.??.??"]
[Round "5.16"]
[White "Gomez Caballero, Blas"]
[Black "Khatanhar, Mohit"]
[Result "0-1"]
[WhiteElo "1081"]
[BlackElo "1218"]
[PlyCount "102"]

1. e4 e5 2. a3 Nf6 3. Bd3 Nc6 4. Nc3 Bc5 5. b4 Bd4 6. Bb2 O-O 7. Nge2 Bxc3 8.
Nxc3 d6 9. h3 h6 10. Bc4 Re8 11. Qf3 Nd4 12. Qd1 Be6 13. Nd5 c6 14. Nxf6+ Qxf6
15. Bxe6 Rxe6 16. O-O Nb5 17. c4 Nc7 18. d3 Qg6 19. Qf3 Ne8 20. Qf5 Rd8 21.
Qxg6 Rxg6 22. c5 Re6 23. Rad1 a6 24. f4 exf4 25. Rxf4 dxc5 26. bxc5 Rd7 27. d4
Rde7 28. e5 Rg6 29. g4 Ree6 30. h4 Re7 31. Re1 Nc7 32. h5 Rge6 33. Rf5 Nd5 34.
Bc1 f6 35. g5 fxe5 36. dxe5 hxg5 37. Bxg5 Rf7 38. Rxf7 Kxf7 39. Rf1+ Kg8 40.
Rf5 g6 41. hxg6 Rxg6 42. Kf2 Rg7 43. Kf3 Rf7 44. Rxf7 Kxf7 45. Ke4 Ke6 46. Bf4
Nc3+ 47. Kd3 Nd5 48. Bh2 Nc7 49. a4 Kd5 50. Kc3 Kxc5 51. Bf4 Nd5+ 0-1

[Event "Tournoi Skype 029B"]
[Site "Skype"]
[Date "????.??.??"]
[Round "5.17"]
[White "Garganese, Paolo"]
[Black "Castellanos Gonzalez, Mariano"]
[Result "1/2-1/2"]
[WhiteElo "1199"]
[BlackElo "1000"]
[PlyCount "61"]

1. e4 Nf6 2. e5 Nd5 3. d4 d6 4. c4 Nb6 5. Nf3 Bg4 6. h3 Bh5 7. Bf4 Nc6 8. Be2
dxe5 9. dxe5 Bxf3 10. Qxd8+ Rxd8 11. Bxf3 Nxc4 12. Bxc6+ bxc6 13. b3 Nb6 14.
Nd2 e6 15. O-O Bc5 16. Rad1 Nd5 17. Ne4 Nxf4 18. Rxd8+ Kxd8 19. Nxc5 Kc8 20.
Rd1 Rd8 21. Rxd8+ Kxd8 22. Kf1 Nd5 23. Ke1 Ke7 24. g3 f6 25. f4 h6 26. h4 fxe5
27. fxe5 Ne3 28. Ke2 Ng4 29. Nd3 Kf7 30. Kf3 h5 31. Kf4 1/2-1/2

[Event "Tournoi Skype 029B"]
[Site "Skype"]
[Date "????.??.??"]
[Round "5.18"]
[White "Kumbhar, Ashok"]
[Black "Alarcon Alarcon, Marina"]
[Result "0-1"]
[WhiteElo "1018"]
[BlackElo "1198"]
[PlyCount "20"]

1. e4 e5 2. Nf3 Nc6 3. Bb5 Qf6 4. d3 h6 5. c3 a6 6. Ba4 b5 7. Bb3 Nge7 8. Nbd2
d6 9. h3 Be6 10. Bc4 bxc4 0-1

[Event "Tournoi Skype 029B"]
[Site "Skype"]
[Date "????.??.??"]
[Round "5.19"]
[White "Nicolini, Francesco"]
[Black "Llabres, Sergio"]
[Result "1-0"]
[WhiteElo "1000"]
[BlackElo "1187"]
[PlyCount "35"]

1. e4 c6 2. d4 d5 3. Nd2 dxe4 4. Nxe4 Bf5 5. Bd3 Qxd4 6. Ne2 Qd5 7. N2c3 Qe6 8.
O-O Nf6 9. Re1 Nxe4 10. Bxe4 Bxe4 11. Nxe4 Qd7 12. Nd6+ Kd8 13. Nxf7+ Ke8 14.
Nxh8 g6 15. Qf3 e6 16. Bg5 Bg7 17. Rad1 Bd4 18. Rxd4 1-0

[Event "Tournoi Skype 029B"]
[Site "Skype"]
[Date "????.??.??"]
[Round "5.20"]
[White "Jones, Malcolm"]
[Black "Sosa, Aldo"]
[Result "1-0"]
[WhiteElo "1315"]
[BlackElo "1000"]
[PlyCount "25"]

1. e4 e5 2. Nf3 Nc6 3. Bc4 Nf6 4. d3 Bc5 5. c3 O-O 6. h4 a6 7. b4 Bb6 8. Ng5 d5
9. exd5 Bxf2+ 10. Kxf2 Bg4 11. Qb3 b5 12. dxc6 bxc4 13. Qxc4 1-0

[Event "Tournoi Skype 029B"]
[Site "Skype"]
[Date "????.??.??"]
[Round "5.21"]
[White "Chavez Cruz, Isidro"]
[Black "Franco, Yolima"]
[Result "0-1"]
[WhiteElo "1190"]
[BlackElo "1517"]
[PlyCount "36"]

1. e4 c5 2. Nf3 Nc6 3. d4 cxd4 4. Nxd4 Nf6 5. Nc3 a6 6. h3 Qb6 7. Nf3 e6 8. a3
Bc5 9. Qe2 O-O 10. Na4 Qa5+ 11. Nc3 d5 12. b4 Bxb4 13. Bd2 Bxc3 14. exd5 exd5
15. Qd1 Ne4 16. Bxc3 Qxc3+ 17. Ke2 Re8 18. Ra2 Ng3# 0-1

[Event "Tournoi Skype 029B"]
[Site "Skype"]
[Date "????.??.??"]
[Round "5.22"]
[White "Franca, Adilson Mendes"]
[Black "San Isidoro, Josep"]
[Result "0-1"]
[WhiteElo "1131"]
[BlackElo "1405"]
[PlyCount "74"]

1. e4 e5 2. Nf3 d6 3. Bc4 Be7 4. c3 Nf6 5. d3 O-O 6. O-O Bg4 7. Nbd2 c6 8. Qb3
b5 9. Bxf7+ Rxf7 10. Ng5 Qe8 11. d4 exd4 12. cxd4 h6 13. Ngf3 Nbd7 14. e5 dxe5
15. dxe5 Nc5 16. Qc2 Nd5 17. Qg6 Bf5 18. Qg3 Bh7 19. Nd4 Bf5 20. N2f3 Ne4 21.
e6 Nxg3 22. exf7+ Qxf7 23. fxg3 Bd7 24. Nh4 Qe8 25. Bd2 Bxh4 26. gxh4 Qc8 27.
Rf3 Bg4 28. Rg3 h5 29. h3 Qc7 30. Kf2 Rf8+ 31. Nf3 Bxf3 32. gxf3 Qb6+ 33. Be3
Qxe3+ 34. Kg2 Nf4+ 35. Kh2 Qf2+ 36. Kh1 Qxg3 37. a4 Qg2# 0-1

[Event "Tournoi Skype 029B"]
[Site "Skype"]
[Date "????.??.??"]
[Round "5.23"]
[White "Mendoza Lainez, Ricardo Jose"]
[Black "Martinez Perez, Carlos"]
[Result "0-1"]
[WhiteElo "1137"]
[BlackElo "1404"]
[PlyCount "64"]

1. e4 e5 2. f4 exf4 3. Nf3 Nc6 4. Bc4 d6 5. O-O Ne5 6. d4 Nxc4 7. Bxf4 Nxb2 8.
Qe1 Nc4 9. Bg5 Be7 10. Bf4 Nf6 11. c3 Bg4 12. e5 dxe5 13. Nxe5 Nxe5 14. Bxe5
O-O 15. Nd2 Bh5 16. Qg3 Bg6 17. Rae1 Bd6 18. Nc4 Bxe5 19. Rxe5 Re8 20. Rc5 Ne4
21. Qxc7 Nxc5 22. Qxc5 Rc8 23. Qxa7 Rxc4 24. Qxb7 Rxc3 25. Qb2 Qxd4+ 26. Kh1
Qe5 27. Qd2 Rc2 28. Qb4 Qe4 29. Qxe4 Bxe4 30. h4 Rxg2 31. Rf4 Rg4+ 32. Rxe4
Rexe4 0-1

[Event "Tournoi Skype 029B"]
[Site "Skype"]
[Date "????.??.??"]
[Round "5.24"]
[White "Ortis, Yves"]
[Black "Luna Perez Vico, Lorenzo"]
[Result "1/2-1/2"]
[WhiteElo "1096"]
[BlackElo "1386"]
[PlyCount "40"]

1. d4 Nf6 2. f3 d5 3. e3 Bf5 4. Na3 a6 5. c4 e6 6. Qb3 b6 7. Ne2 Nc6 8. Bd2 Rb8
9. g4 Bg6 10. Nf4 Bxa3 11. Qxa3 a5 12. b3 Qe7 13. c5 h6 14. Bb5 Qd7 15. b4 bxc5
16. Bxc6 Qxc6 17. Nxg6 fxg6 18. Qd3 Kf7 19. Ke2 c4 20. Qc2 axb4 1/2-1/2

[Event "Tournoi Skype 029B"]
[Site "Skype"]
[Date "????.??.??"]
[Round "5.25"]
[White "Quiel, Aristoteles"]
[Black "Raudales, Victor"]
[Result "1-0"]
[WhiteElo "1066"]
[BlackElo "1340"]
[PlyCount "51"]

1. Nf3 d5 2. d4 Bg4 3. c4 e6 4. Qc2 Nf6 5. Bg5 Be7 6. Nc3 O-O 7. e3 Bxf3 8.
gxf3 Nc6 9. a3 e5 10. cxd5 Nxd5 11. Bxe7 Ndxe7 12. dxe5 Nxe5 13. Bg2 Nd3+ 14.
Ke2 Ne5 15. Rad1 Qc8 16. f4 Qg4+ 17. Kf1 Qc8 18. Bf3 Re8 19. Bg4 Qb8 20. Rd7 a6
21. Qb3 b5 22. Kg2 c5 23. Qd1 Qb6 24. Nd5 Nxd5 25. Qxd5 Ra7 26. Qxf7+ 1-0

[Event "Tournoi Skype 029B"]
[Site "Skype"]
[Date "????.??.??"]
[Round "5.26"]
[White "Hargez, Dany"]
[Black "Yepez, German"]
[Result "0-1"]
[WhiteElo "1296"]
[BlackElo "1191"]
[PlyCount "62"]

1. e4 e5 2. Nf3 d6 3. d4 Bg4 4. Be2 Bxf3 5. Bxf3 Nc6 6. d5 Nce7 7. Bg5 Qd7 8.
Be3 f5 9. O-O f4 10. Bg4 Qd8 11. Bd2 Nf6 12. Bf5 g6 13. Be6 Nxe4 14. Qf3 Ng5
15. Qb3 Nxe6 16. dxe6 Qc8 17. Nc3 c6 18. Ne4 Nf5 19. Nf6+ Kd8 20. Ne4 d5 21.
Ng5 Kc7 22. c4 h6 23. Nf7 Rh7 24. Nxe5 Qxe6 25. Bxf4 Kc8 26. cxd5 Qxd5 27. Nc4
g5 28. Rad1 Qf7 29. Bxg5 hxg5 30. Nd6+ Bxd6 31. Qf3 Bxh2+ 0-1

[Event "Tournoi Skype 029B"]
[Site "Skype"]
[Date "????.??.??"]
[Round "5.27"]
[White "Ponz Lazaro, Ruperto"]
[Black "Parrales, Rodolfo"]
[Result "1-0"]
[WhiteElo "1285"]
[BlackElo "1171"]
[PlyCount "83"]

1. d4 d5 2. Nf3 c6 3. Bf4 Nf6 4. e3 Bf5 5. Nbd2 Nbd7 6. Be2 e6 7. h3 Be7 8. O-O
O-O 9. Nh4 Nh5 10. Nxf5 Nxf4 11. Nxe7+ Qxe7 12. exf4 Qh4 13. Nf3 Qxf4 14. c3
Rfe8 15. Bd3 g6 16. Re1 c5 17. Bb5 Red8 18. Bxd7 Rxd7 19. dxc5 Rc8 20. Qd4 Qc7
21. Ne5 Rdd8 22. Nd3 b5 23. cxb6 axb6 24. a4 Qc6 25. Ra3 Qb7 26. Ne5 Qb8 27.
Ng4 Kf8 28. Nf6 Rc4 29. Nxh7+ Kg8 30. Nf6+ Kf8 31. Qd3 Rf4 32. Ng4 Rf5 33. Re3
Qf4 34. Qd4 Qxd4 35. cxd4 Rc8 36. Rec3 Rxc3 37. bxc3 Rf4 38. Rb3 Re4 39. Kf1 f5
40. Ne3 e5 41. dxe5 Rxe5 42. Rxb6 1-0

[Event "Tournoi Skype 029B"]
[Site "Skype"]
[Date "????.??.??"]
[Round "5.28"]
[White "Talwalkar, Omkar Sameer"]
[Black "Moumtaz, Abderrahim"]
[Result "0-1"]
[WhiteElo "1000"]
[BlackElo "1260"]
[PlyCount "100"]

1. e4 e5 2. Nf3 Nf6 3. Nxe5 d6 4. Nf3 Nxe4 5. Bc4 Qe7 6. O-O Qd8 7. d3 Nf6 8.
Nc3 Nc6 9. Ng5 d5 10. Nxd5 Nxd5 11. Nxf7 Kxf7 12. Qf3+ Qf6 13. Qxd5+ Be6 14.
Qd7+ Be7 15. Bxe6+ Qxe6 16. Qxc7 Qc8 17. Qg3 Nd4 18. Qf4+ Bf6 19. Qd2 Qxc2 20.
Qxc2 Nxc2 21. Rb1 Rhe8 22. Bf4 Nb4 23. Rfd1 Nxa2 24. d4 Nb4 25. Rbc1 Nd5 26.
Be5 Bxe5 27. dxe5 Rxe5 28. Re1 Rxe1+ 29. Rxe1 Re8 30. Rxe8 Kxe8 31. Kf1 Nf4 32.
b3 b5 33. g3 Nd3 34. Ke2 Nc1+ 35. Kd2 Nxb3+ 36. Kc3 Nc5 37. Kb4 Nd3+ 38. Kxb5
Nxf2 39. Ka6 Ng4 40. h4 h5 41. Kxa7 Ne3 42. Kb6 Nf1 43. Kc6 Nxg3 44. Kd6 Nf5+
45. Ke6 Nxh4 46. Ke5 g5 47. Ke4 g4 48. Kf4 Kf7 49. Kg3 Nf5+ 50. Kf4 Kg6 0-1

[Event "Tournoi Skype 029B"]
[Site "Skype"]
[Date "????.??.??"]
[Round "5.29"]
[White "Torres, Vicky"]
[Black "De Nobrega, George"]
[Result "0-1"]
[WhiteElo "1020"]
[BlackElo "1205"]
[PlyCount "74"]

1. e4 e5 2. Nf3 Nc6 3. d4 exd4 4. Nxd4 Nxd4 5. Qxd4 d6 6. Be2 Nf6 7. O-O Be7 8.
Nc3 c6 9. Be3 Bg4 10. Bxg4 Nxg4 11. Bf4 Nf6 12. e5 dxe5 13. Qxd8+ Rxd8 14. Bxe5
O-O 15. Ne2 Rd2 16. Nd4 c5 17. Bf4 Rxd4 18. Be3 Rd5 19. c4 Rd7 20. b3 b6 21.
Bf4 Re8 22. h3 Ne4 23. Rfe1 Nf6 24. Re3 Bd8 25. Rg3 Bc7 26. Bxc7 Rxc7 27. f3
Rd7 28. Kh2 Rd2 29. a4 Nh5 30. Rg4 Ree2 31. a5 Ra2 32. Rd1 h6 33. axb6 axb6 34.
Rd6 Re6 35. Rd5 Nf6 36. Rd8+ Re8 37. Rd3 Nxg4+ 0-1

[Event "Tournoi Skype 029B"]
[Site "Skype"]
[Date "????.??.??"]
[Round "5.30"]
[White "Dos Reis Cabrera, Jose Manuel"]
[Black "Rosenkoetter, David"]
[Result "1-0"]
[WhiteElo "1202"]
[BlackElo "1165"]
[PlyCount "31"]

1. d4 Nf6 2. Bf4 d5 3. e3 e6 4. Nf3 c5 5. c3 Bd6 6. Bg3 a6 7. Bd3 c4 8. Bc2 Nc6
9. Nbd2 b5 10. Qe2 O-O 11. e4 dxe4 12. Nxe4 Be7 13. Nxf6+ Bxf6 14. Qe4 g6 15.
Qxc6 Rb8 16. Bxb8 1-0

[Event "Tournoi Skype 029B"]
[Site "Skype"]
[Date "????.??.??"]
[Round "5.31"]
[White "Vincent, Andre"]
[Black "Moraga Vasquez, Michael"]
[Result "1/2-1/2"]
[WhiteElo "1377"]
[BlackElo "1008"]
[PlyCount "38"]

1. d4 Nf6 2. c4 g6 3. Nc3 Bg7 4. e4 d6 5. Nf3 Nbd7 6. Be2 O-O 7. O-O Re8 8. Bf4
e5 9. d5 exf4 10. Qc2 Nc5 11. Bd3 Nxd3 12. Qxd3 c6 13. Rfe1 Bd7 14. h3 a6 15.
a4 Qb6 16. Qc2 cxd5 17. exd5 Rxe1+ 18. Rxe1 Re8 19. Rxe8+ Nxe8 1/2-1/2

[Event "Tournoi Skype 029B"]
[Site "Skype"]
[Date "????.??.??"]
[Round "5.33"]
[White "Duthoit, Bernard"]
[Black "Crocioni, Luca"]
[Result "1-0"]
[WhiteElo "1338"]
[BlackElo "1068"]
[PlyCount "50"]

1. e4 d6 2. d4 f5 3. Bd3 fxe4 4. Bxe4 Nf6 5. Qf3 c6 6. h3 d5 7. Bd3 Qb6 8. c3
g6 9. a3 Bg7 10. b4 a6 11. Bf4 Nh5 12. Bg5 Rf8 13. Qe2 Bf6 14. Nf3 Qc7 15. Bxf6
Nxf6 16. Ng5 Qf4 17. Nxh7 Nxh7 18. Bxg6+ Kd8 19. Bxh7 Qc1+ 20. Qd1 Qb2 21. Nd2
Qxc3 22. O-O Rh8 23. Qf3 Qxd2 24. Rfe1 Qg5 25. Re5 Qxg2+ 1-0